000 00626nam a2200205Ia 4500
008 241004s9999 xx 000 0 und d
020 _a9780367819453
037 _aTextbook
040 _aARTS
_beng
_cARTS
041 _aeng
_2eng
084 _aSN1:(X:8) R1
_qARTS
100 _aVisholm Steen Au.
_9724604
245 _aFamily psychodynamics in organizational contexts: the hidden forces that shape the workplace
_cVisholm Steen Au.
260 _aUK
_b Routledge
_c2021
300 _axi,195p.
365 _aUKP
_b29.99
650 _aPsychology
942 _cTB
_hSN1:(X:8) R1
999 _c1218746
_d1218746